Business Communication (Record no. 667)
[ view plain ]
| 000 -LEADER | |
|---|---|
| Fixed length control field | 00506nam a2200181 4500 |
| 003 - CONTROL NUMBER IDENTIFIER | |
| Control field | SEACOMMC |
| 005 - DATE AND TIME OF LATEST TRANSACTION | |
| Control field | 20250422111503.0 |
| 008 - FIXED-LENGTH DATA ELEMENTS--GENERAL INFORMATION | |
| Fixed length control field | 241021b |||||||| |||| 00| 0 eng d |
| 020 ## - INTERNATIONAL STANDARD BOOK NUMBER / ISBN | |
| International Standard Book Number | 978-93-51424-36-9 |
| Price | Rs.225.00 |
| 040 ## - CATALOGING SOURCE | |
| Original cataloging agency | SEACOMMC |
| 082 ## - DEWEY DECIMAL CLASSIFICATION NUMBER | |
| Classification number | 428.2 |
| Book Number | P 896 |
| 100 ## - MAIN ENTRY--PERSONAL NAME | |
| Personal name | Pradhan, Homai |
| 245 1# - TITLE STATEMENT | |
| Title | Business Communication |
| Statement of responsibility | Homai Pradhan & N. S Pradhan |
| 250 ## - EDITION STATEMENT | |
| Edition statement | 4th rev&ent ed. |
| 260 ## - IMPRINT | |
| Place of publication | Mumbai |
| Name of publisher | Himalaya Publishing House |
| Date of publication | 2005 |
| 650 ## - SUBJECT ADDED ENTRY--TOPICAL TERM | |
| Topical term | English Communication |
| 942 ## - ADDED ENTRY ELEMENTS (KOHA) | |
| Koha item type | Books |
| Withdrawn status | Lost status | Source of classification | Damaged status | Not for loan | Home library | Current library | Shelving location | Date acquired | Total Checkouts | Call number | Accession number | Date last seen | Price effective from | Koha item type | Copy number |
|---|---|---|---|---|---|---|---|---|---|---|---|---|---|---|---|
| Dewey Decimal Classification | SEACOM MANAGEMENT COLLEGE | SEACOM MANAGEMENT COLLEGE | Reference | 13/10/2007 | 428.2 P 896 | M-539 | 21/10/2024 | 21/10/2024 | Books | ||||||
| Dewey Decimal Classification | SEACOM MANAGEMENT COLLEGE | SEACOM MANAGEMENT COLLEGE | 13/10/2007 | 428.2 P 896 | M-540 | 21/10/2024 | 21/10/2024 | Books | 1 | ||||||
| Dewey Decimal Classification | SEACOM MANAGEMENT COLLEGE | SEACOM MANAGEMENT COLLEGE | 13/10/2007 | 428.2 P 896 | M-541 | 21/10/2024 | 21/10/2024 | Books | 2 |
